Ekonomika, právo a evidence nemovitostí. 1. Na cestě k novému pozemkovému katastru.

Význam pohotovej, účelnej a právne platnej evidencie pre ujasnenie vlastníckych vzťahov v období reštitúcií, privatizácie a transformácie družstiev. Charakteristika kritického stavu evidencie nehnuteľností a súčasného preukazovania vlastníctva. Základný význam legislatívy pre zlepšenie evidencie vla...

Descripción completa

Guardado en:
Detalles Bibliográficos
Autor principal: Pešl, I.
Formato: Capítulo de libro
Lenguaje:checo
Materias:
Etiquetas: Agregar Etiqueta
Sin Etiquetas, Sea el primero en etiquetar este registro!

MARC

LEADER 00000naa a2200000 4500
001 r007580
005 20220831083619.1
041 0 |a cze 
044 |a [CS] 
245 1 0 |a Ekonomika, právo a evidence nemovitostí. 1.  |b Na cestě k novému pozemkovému katastru.  |c I. Pešl 
520 |a Význam pohotovej, účelnej a právne platnej evidencie pre ujasnenie vlastníckych vzťahov v období reštitúcií, privatizácie a transformácie družstiev. Charakteristika kritického stavu evidencie nehnuteľností a súčasného preukazovania vlastníctva. Základný význam legislatívy pre zlepšenie evidencie vlastníctva nehnuteľností. 
610 2 0 |a nehnuteľnosti 
610 2 0 |a pozemky 
610 2 0 |a privatizácia 
610 2 0 |a vlastníctvo 
610 2 0 |a legislatíva 
100 1 |a Pešl, I.